000 00266nam a22001097a 4500
082 _a425
_bWRE/S
100 _aWREN
245 _aSCHOLAR ENGLISH GRAMMAR-VI
246 _aSCHOLAR ENGLISH GRAMMAR-VI
_bSCHOLAR ENGLISH GRAMMAR-VI
650 _aENGLISH GRAMMAR
942 _cBK
999 _c8856
_d8856